000 01593cam a2200325 i 4500
001 zz2004843742
003 NUKAT
005 20260427215913.0
008 040326s1927 pl a g |000 0 pol c
035 _a(OCoLC)69582254
035 _a(NUKAT)zz2004843742
040 _aGD U/Jaga
_bpol
_erda
_cGD U/Jaga
_dGD U/Jaga
_dGD U/EPs
_dWA U/91IO
_dKR U/WJ
_dTOR U/WS
_dOLSZT 008/AL
041 0 _apol
_alat
100 1 _aAbraham, Władysław
_d(1860-1941).
_eAutor
_912845
245 1 0 _aPontificale biskupów krakowskich z XII wieku /
_cWładysław Abraham.
260 _aKraków :
_bnakładem Polskiej Akademji Umiejętności ;
_aWarszawa [i pozostałe] :
_bskład główny w Księgarniach Gebethnera i Wofffa,
_c1927.
300 _a31, [1] strona, 5 kart tablic :
_bilustracje ;
_c23 cm.
336 _aTekst
_btxt
_2rdacontent
337 _aBez urządzenia pośredniczącego
_bn
_2rdamedia
338 _aWolumin
_bnc
_2rdacarrier
490 1 _aRozprawy / Polska Akademja Umiejętności. Wydział Historyczno-Filozoficzny ;
_vSer. 2, t. 41 (ogólnego zbioru t. 66) nr 1
530 _aDostępne również w formie elektronicznej.
546 _aTekst także w języku łacińskim.
650 7 _aPontyfikały
_zPolska
_zKraków
_y12 w.
_xhistoria i krytyka.
_2kaba
_940717
710 2 _aPolska Akademia Umiejętności (1919-1952).
_eWydawca
_4pbl
_91634
710 2 _aGebethner i Wolff.
_eDystrybucja
_4dst
_91246
830 0 _aRozprawy Polskiej Akademii Umiejętności.
_pWydział Historyczno-Filozoficzny
_vSer. 2, t. 41 = 66, nr 1
_92632
856 4 1 _uhttp://rcin.org.pl/publication/14580
942 _2ddc
_cBK_NM
999 _c27816
_d27816